Ultras from Ultraman (not anime) - Statistics

General Stats
  • This quiz has been taken 133 times
  • The average score is 38 of 83
Answer Stats
Era Answer % Correct
Reiwa Era Ultraman Z
97%
Showa Ultraseven
96%
Showa Ultraman
95%
Showa Ultraman Ace
93%
Showa Ultraman Taro
93%
Showa Ultraman Jack
89%
Showa Ultraman Leo
87%
Heisei (Old Gen) Ultraman Tiga
86%
Heisei (New Gen) Ultraman X
86%
Showa Zoffy
83%
Showa Ultraman 80
80%
Heisei (Old Gen) Ultraman Dyna
79%
Heisei (Old Gen) Ultraman Gaia
79%
Heisei (Old Gen) Ultraman Zero
75%
Heisei (Old Gen) Ultraman Cosmos
74%
Heisei (Old Gen) Ultraman Mebius
72%
Showa Ultraman King
71%
Heisei (New Gen) Ultraman Ginga
70%
Heisei (New Gen) Ultraman Orb
70%
Heisei (New Gen) Ultraman Victory
68%
Showa Ultraman Astra
66%
Heisei (Old Gen) Ultraman Max
66%
Heisei (Old Gen) Ultraman Nexus
66%
Reiwa Era Ultraman Trigger
64%
Heisei (New Gen) Ultraman Geed
63%
Reiwa Era Ultraman Taiga
62%
Showa Ultra Father
59%
Heisei (Old Gen) Ultraman Hikari
57%
Heisei (Old Gen) Ultraman Justice
57%
Reiwa Era Ultraman Decker
55%
Heisei (Old Gen) Ultraman Powered
55%
Heisei (Old Gen) Ultraman Agul
54%
Heisei (New Gen) Ultraman Blu
54%
Heisei (Old Gen) Ultraman Great
53%
Heisei (New Gen) Ultraman Rosso
53%
Showa Ultra Mother
51%
Heisei (Old Gen) Ultraman Belial
50%
Reiwa Era Ultraman Blazar
47%
Heisei (Old Gen) Ultraman Noa
47%
Showa Ultraman Chuck
43%
Reiwa Era Ultraman Fuma
43%
Heisei (Old Gen) Ultraman Nice
43%
Heisei (Old Gen) Ultraman Legend
42%
Heisei (Old Gen) Ultraman Zearth
42%
Heisei (New Gen) Ultrawoman Grigio
42%
Heisei (Old Gen) Ultraman Neos
41%
Reiwa Era Ultraman Titas
41%
Heisei (Old Gen) Ultraman The Next
39%
Showa Ultrawoman Beth
37%
Showa Yullian
37%
Heisei (New Gen) Ultraman Ginga-Victory
36%
Showa Ultraman Scott
34%
Heisei (Old Gen) Ultraseven 21
34%
Showa Ultraman Joneus
33%
Heisei (Old Gen) Ultraman Saga
33%
Heisei (Old Gen) Ultraman Xenon
33%
Heisei (New Gen) Ultraman Ruebe
32%
Heisei (Old Gen) Evil Tiga
29%
Reiwa Era Ultraman Dinas
29%
Reiwa Era Ultraman Regulos
29%
Heisei (New Gen) Ultraman Gruebe
26%
Reiwa Era Ultraman Tregear
25%
Heisei (Old Gen) Dark Mephisto
21%
Heisei (Old Gen) Dark Zagi
20%
Reiwa Era Trigger Dark
20%
Heisei (Old Gen) Dark Faust
17%
Reiwa Era Carmeara
16%
Heisei (Old Gen) Chaos Ultraman
14%
Heisei (Old Gen) Hudra
14%
Heisei (Old Gen) Camearra
13%
Heisei (Old Gen) Darramb
13%
Reiwa Era Darrgon
13%
Reiwa Era Evil Trigger
13%
Reiwa Era Hudram
13%
Heisei (Old Gen) Dark Mephisto Zwei
12%
Showa Loto
8%
Showa Amia
7%
Showa Elek
7%
Heisei (New Gen) Ultraman Orb Dark
7%
Reiwa Era Ultraman Geed Darkness
1%
Reiwa Era Ultraman Orb Darkness
1%
Reiwa Era Ultraman X Darkness
1%
Reiwa Era Ultrawoman Grigio Darkness
1%
No matching quizzes found
Score Distribution
Percent of People with Each Score
Percentile by Number Answered
Your Score History
You have not taken this quiz